000 00756cab a2200217 4500
001 ABS42113
008 090401t1990 xxu||||| |||| 00| 0 eng d
035 _a(Sirsi) u34785
041 _aeng
100 _aBrookes, A.
245 _aDesign by co-operation: metal panel cladding
260 _c1990
350 _a0
490 _aArchitects` Journal
_v191(4) 24 January 1990, 61-65(5)
520 _aExamines the Aspect mark II cladding system designed by architects Alan Brookes Associates for Coseley Building Systems . The systems design and function are described with illustrations of the fixing methods.
650 _aBUILT ENVIRONMENT
650 _aPVC
690 _aBUILT ENVIRONMENT-BUILDING MATERIALS
942 _n0
948 _c04/03/1997
999 _c22963
_d22963